How fast Can you Type ONE - Statistics

General Stats
  • This quiz has been taken 442 times
  • The average score is 28 of 30
Answer Stats
ONE Answer % Correct
N N
100%
O O
100%
E E
98%
E E
98%
N N
98%
O O
98%
O O
98%
E E
97%
N N
97%
O O
97%
E E
96%
N N
96%
E E
95%
E E
95%
N N
95%
N N
95%
O O
95%
O O
95%
O O
95%
E E
92%
N N
92%
N N
92%
O O
92%
E E
90%
E E
89%
N N
89%
O O
89%
O O
88%
E E
87%
N N
87%
No matching quizzes found
Score Distribution
Percent of People with Each Score
Percentile by Number Answered
Your Score History
You have not taken this quiz